00680 a2200193 45000010006000000050017000060080041000230030015000640400040000790800045001192450041001640200018002052500012002232640037002353000019002725050164002910410008004551000023004635504020260407155826.0260407a1997 arg spa dAR-UNSa-BCEJYS aAR-UNSa-BCEJYSbspacAR-UNSa-BCEJYS a37.015.3xPsicología de la educación10aTeorías cognitivas del aprendizaje a84-7112-335-5 a5a. ed. 1aMadrid :bEdiciones Moratac1997 a286 p.c24 cm. a1. La psicología del aprendizaje: del conductismo a la psicología cognitiva – 2. Aprendizaje por asociación – 3. Aprendizaje por reestructuración.  aspa1 aPozo, Juan Ignacio